A dictionary of symbols = Diccionario de simbolos tradicionales.English (Record no. 43932)
[ view plain ]
| 000 -LEADER | |
|---|---|
| fixed length control field | 00604nam a2200217Ia 4500 |
| 003 - CONTROL NUMBER IDENTIFIER | |
| control field | 0100 |
| 005 - DATE AND TIME OF LATEST TRANSACTION | |
| control field | 20161116094247.0 |
| 008 - FIXED-LENGTH DATA ELEMENTS--GENERAL INFORMATION | |
| fixed length control field | 130303s9999 xx 000 0 und d |
| 040 ## - CATALOGING SOURCE | |
| Transcribing agency | ARRUPELIB |
| 050 ## - LIBRARY OF CONGRESS CALL NUMBER | |
| Classification number | BF1623.S9C513 1962 |
| 300 ## - PHYSICAL DESCRIPTION | |
| Other physical details | 400p. 23cm |
| 100 ## - MAIN ENTRY--PERSONAL NAME | |
| Personal name | Cirlot, Juan Eduardo |
| 9 (RLIN) | 27493 |
| 245 #2 - TITLE STATEMENT | |
| Title | A dictionary of symbols = Diccionario de simbolos tradicionales.English |
| 250 ## - EDITION STATEMENT | |
| Edition statement | 2nd ed. |
| 260 ## - PUBLICATION, DISTRIBUTION, ETC. (IMPRINT) | |
| Place of publication, distribution, etc | New York |
| 260 ## - PUBLICATION, DISTRIBUTION, ETC. (IMPRINT) | |
| Name of publisher, distributor, etc | Philosophical Library |
| 300 ## - PHYSICAL DESCRIPTION | |
| Extent | liv |
| 650 ## - SUBJECT ADDED ENTRY--TOPICAL TERM | |
| Topical term or geographic name as entry element | Symbolism |
| General subdivision | Dictionaries |
| 9 (RLIN) | 27494 |
| 700 ## - ADDED ENTRY--PERSONAL NAME | |
| Personal name | Sage, Jack (tr.) |
| 9 (RLIN) | 27495 |
| 942 ## - ADDED ENTRY ELEMENTS (KOHA) | |
| Source of classification or shelving scheme | Library of Congress Classification |
| Koha item type | REFERENCE |
| Withdrawn status | Lost status | Source of classification or shelving scheme | Damaged status | Not for loan | Collection code | Home library | Current library | Shelving location | Date acquired | Total Checkouts | Full call number | Barcode | Date last seen | Copy number | Price effective from | Koha item type |
|---|---|---|---|---|---|---|---|---|---|---|---|---|---|---|---|---|
| Library of Congress Classification | REFERENCE | ARRUPE LIBRARY | ARRUPE LIBRARY | Reference | 04/03/2013 | REF. BF1623.S9 C513 1962 | 46003038970 | 04/03/2013 | 1 | 04/03/2013 | REFERENCE | |||||
| Library of Congress Classification | REFERENCE | ARRUPE LIBRARY | ARRUPE LIBRARY | Reference | 04/03/2013 | REF. BF1623.S9 C513 1962 | 46500009892 | 04/03/2013 | 2 | 04/03/2013 | REFERENCE |